000
00267nam a2200097Ia 4500
001
690637
005
20250826161820.0
008
250824s9999 xx 000 0 und d
245
0
_a
TARİHİN SONUNDAN BARIŞIN SONUNA
_c
DENİZ ÜLKE ARIBOĞAN
260
_b
TİMAŞ YAYINLARI
999
_c
690637
_d
690637